Estatísticas para Maiores Cidades de Minas Gerais

Clique aqui para jogar o quiz

Estatísticas Gerais

  • Esse quiz foi jogado 2 103 vezes
  • A pontuação média é 13 de 30

Respostas no mapa

Respostas codificadas por cores de uma escala verde-vermelha no mapa do quiz de acordo com a % correta abaixo.
 

Estatísticas das Respostas

PopulaçãoCidade% Correto
2.521.560Belo Horizonte
99%
679.710Uberlândia
90%
329.560Uberaba
77%
566.770Juiz de Fora
74%
441.540Betim
72%
666.690Contagem
67%
393.510Montes Claros
60%
269.970Governador Valadares
58%
262.640Ipatinga
51%
164.530Poços de Caldas
47%
235.970Sete Lagoas
45%
132.140Varginha
44%
234.200Divinópolis
43%
141.420Patos de Minas
41%
139.670Pouso Alegre
37%
105.750Araxá
36%
335.730Ribeirão das Neves
36%
115.130Teófilo Otoni
36%
126.480Barbacena
34%
219.830Santa Luzia
32%
110.080Araguari
30%
133.670Sabará
30%
112.330Ubá
29%
101.210Muriaé
28%
123.770Conselheiro Lafaiete
27%
181.740Ibirité
27%
109.430Passos
26%
129.770Vespasiano
25%
108.910Coronel Fabriciano
24%
112.680Itabira
24%

Distribuição das Pontuações

Percentil de Números Respondidos

Porcentagem de Pessoas com Cada Pontuação

Sua Pontuação Histórica

Você não jogou esse quiz